000 00499nam a22001690 4500
003 PILC
005 20150603114055.0
008 970115s1915
050 _aLA 13
_b.M757 1915
100 1 _aMonroe, Paul.
245 1 2 _aA Brief course in the history of education /
_cPaul Monroe.
260 _aNew York :
_bMacmillan,
_c1915.
300 _axviii, 409 pages :
_billustrations ;
_c21 cm.
500 _aIncludes index.
650 _aEducation
_xHistory.
942 _2lcc
_cBK
_kFOR
999 _c284588
_d284588